000 00757nam a2200205Ia 4500
003 LDD
008 190117s9999 xx 000 0 und d
020 _a8187524138
_c₹380
040 _cLDD
041 _ahi
082 _a8H3.7 ला6406बे
100 _aलारेंस, डी. एच.
245 0 _aबेटे और प्रेमी
_cडी. एच. लारेंस
260 _aमुंबई
_bसंवाद प्रकाशन
_c2002
300 _a477
440 _aविश्व ग्रंथमालाः; संपादक आलोक श्रीवास्तव
901 _aVANI
904 _aReqst by : Parakh, Jawarimal (Dr.)
942 _2ddc
_cH
999 _c169007
_d169007